000
00225nam a2200121Ia 4500
100
_a
#N/A
650
_a
1
942
_c
BK
245
_a
Introductory operations Research
260
_b
#N/A
546
_a
ENGLISH
999
_c
33194
_d
33194